000 00559 a2200229 4500
001 066175
003 OSt
005 20221215130931.0
008
020 _a9788185015668
040 _cCURAJ
082 _a515
_bA46M
100 1 _aApostol, Tom M.
245 1 _aMathematical analysis
_cby Tom M. Apostol
250 _a2nd ed.
260 _aNew Delhi
_bNarosa Publication
_c2002, 1985
300 _axix, 500p.
653 _aMathematics
653 _aMathematical analysis
653 _aCalculus
942 _2ddc
_cBK
999 _c355
_d355